000 01482nam a2200373 i 4500
001 ebr10881622
003 CaPaEBR
006 m o d
007 cr cn|||||||||
008 140627s2014 enkabd ob 001 0 eng|d
020 _z9781780404950
020 _a9781780404967 (e-book)
040 _aCaPaEBR
_beng
_erda
_epn
_cCaPaEBR
035 _a(OCoLC)899046384
050 1 4 _aQH545.W3
_bS68 2014eb
245 0 0 _aSoutheast Asian water environment.
_n5 /
_cedited by K. Yamamoto [and six others].
264 1 _aLondon :
_bIWA Publishing,
_c2014.
300 _a1 online resource (256 pages) :
_billustrations, maps
336 _atext
_2rdacontent
337 _acomputer
_2rdamedia
338 _aonline resource
_2rdacarrier
504 _aIncludes bibliographical references and index.
588 _aDescription based on online resource; title from PDF title page (ebrary, viewed June 27, 2014).
590 _aElectronic reproduction. Palo Alto, Calif. : ebrary, 2014. Available via World Wide Web. Access may be limited to ebrary affiliated libraries.
650 0 _aWater
_xPollution
_xEnvironmental aspects.
650 0 _aDrinking water
_xPurification.
650 0 _aBiodiversity.
650 0 _aEcology.
651 0 _aSoutheast Asia.
655 0 _aElectronic books.
700 1 _aYamamoto, K.,
_eeditor.
797 2 _aebrary.
856 4 0 _uhttp://site.ebrary.com/lib/rucke/Doc?id=10881622
_zAn electronic book accessible through the World Wide Web; click to view
999 _c47413
_d47413